Mediación familiar y género: informe elaborado para el Servicio Nacional de la Mujer y la Fundación de la Familia

Wedi'i Gadw mewn:
Manylion Llyfryddiaeth
Prif Awduron: Vargas Pavez, Macarena (Awdur), Casas Becerra, Lidia (Awdur), Azócar Benavente, María José (Awdur)
Fformat: Llyfr
Iaith:Sbaeneg
Cyhoeddwyd: Santiago Universidad Diego Portales 2008
Cyfres:Cuadernos de Análisis Jurídico. Publicaciones Especiales, 18
Pynciau:
Tagiau: Ychwanegu Tag
Dim Tagiau, Byddwch y cyntaf i dagio'r cofnod hwn!

MARC

LEADER 00000nam a2200000 a 4500
001 UCI8127
003 CL-VaPUC
008 080807e20080000CL |||||||||||||||||spa|d
020 |a 9789563140293 
082 0 4 |a 303.69  |b VAR  |2 21 
100 0 |a Vargas Pavez, Macarena  |e author  |9 531589 
700 0 |a Casas Becerra, Lidia  |e author  |9 531590 
700 0 |a Azócar Benavente, María José  |e author  |9 531591 
245 1 0 |a Mediación familiar y género: informe elaborado para el Servicio Nacional de la Mujer y la Fundación de la Familia 
300 |a 121 p 
942 |c BK 
945 |d 20080807 00:00:00  |a jtorresc 
260 |a Santiago  |b Universidad Diego Portales  |c 2008 
650 0 |a Mediación familiar  |9 466593 
650 7 |a SISTEMA DE MEDIACION  |2 CL-VaPUC  |9 531592 
650 0 |a Derecho de familia  |9 255603 
650 0 |a Derechos de la mujer  |9 257074 
583 |a last modification  |c 20080807 00:00:00  |k Rodrigo Vera 
490 0 |a Cuadernos de Análisis Jurídico. Publicaciones Especiales, 18 
999 |c 331167  |d 331165 
952 |0 0  |1 0  |4 0  |6 303_690000000000000_VAR_2008  |7 0  |8 A  |9 417365  |a BIBDER  |b BIBDER  |d 2019-11-22  |i 4469364  |o 303.69 VAR 2008  |p 4469364  |r 2023-01-25  |w 2019-11-22  |y BK  |k DER